University Home | Library Home | Institutional Repository

The elite press. (Record no. 8379)

MARC details
000 -LEADER
fixed length control field 00592cam1a220021700 4500
001 - CONTROL NUMBER
control field zam00002592
008 - FIXED-LENGTH DATA ELEMENTS--GENERAL INFORMATION
fixed length control field 951128s1968 xx eng u
035 ## - SYSTEM CONTROL NUMBER
System control number (Sirsi) r19945
035 ## - SYSTEM CONTROL NUMBER
System control number (MACHINE)SLC.
100 ## - MAIN ENTRY--PERSONAL NAME
Personal name Merill, J. C.
Linkage A81075.1
245 14 - TITLE STATEMENT
Title The elite press.
260 ## - PUBLICATION, DISTRIBUTION, ETC.
Date of publication, distribution, etc. 1968.
591 ## -
-- Class code: MC 110.
591 ## -
-- Course: History of mass communication.
591 ## -
-- School: S05.
591 ## -
-- Lecturer: Prof. KASOMA, F.P.
591 ## -
-- Number of Students: 14.
949 ## - LOCAL PROCESSING INFORMATION (OCLC)
a PN4815
w lcc
m MAIN
p 2500
t SHORTLOAN
l SHORTLOAN
909 ## -
-- Book
Holdings
Withdrawn status Lost status Source of classification or shelving scheme Damaged status Not for loan Home library Current library Shelving location Total Checkouts Full call number Barcode Date last seen Copy number Price effective from Koha item type
    Library of Congress Classification     Main Library Main Library Academic reserves/Short loan   PN4815 MER 1968 33729001488555 08/12/2019 1 08/12/2019 Short Loan material
© 2026 - The University of Zambia Library - Koha v25.11